000 00279nam a22001097a 4500
008 170112b xxu||||| |||| 00| 0 eng d
020 _a9780397548316
041 _aeng
080 _24TH
_a618.2
245 _aA MANUAL OF LABORATORY & DIAGNOSTIC TESTS
_cFISCHBACH, F
942 _2udc
_cBK
999 _c2737
_d2737